000
00218 a2200097 4500
001
30851
100
_a
Abdul Aziz Urfi
245
_a
Jamal-e-Mustafa
260
_a
Karachi
_b
Gillani Publishers
_c
090
_c
20748
_d
20748
942
_a
NUST-CAE
_c
M
_c
11945
999
_c
265924
_d
265924